| 000 | 00438pab a2200157 454500 | ||
|---|---|---|---|
| 008 | 180718b1985 xxu||||| |||| 00| 0 eng d | ||
| 100 | _aHood, Christopher, Meg Huby | ||
| 245 |
_aScale economics and iron laws _bMergers and demergers in Whitehall 1971-1984 |
||
| 260 | _c1985 | ||
| 300 | _a61-78 | ||
| 362 | _aSpring | ||
| 650 | _aOrganisational Change | ||
| 700 | _aAndrew Dunsire | ||
| 773 | _aPublic Administration | ||
| 909 | _a14644 | ||
| 999 |
_c14644 _d14644 |
||